[Event "C.to Europeo U18"]
[Site "Fermo ITA"]
[Date "2009.09.07"]
[Round "7"]
[White "Platzgummer, Fabian"]
[Black "Garnelis, Julius"]
[Result "1/2-1/2"]
[WhiteElo "2308"]
[BlackElo "2228"]
[PlyCount "39"]
[EventDate "2009.08.31"]

1. d4 d5 2. Nf3 c6 3. c4 e6 4. e3 Nf6 5. b3 Nbd7 6. Bd3 Bd6 7. Bb2 O-O 8. O-O
Ne4 9. Ne5 f5 10. f3 Nef6 11. Nd2 g5 12. g4 Qc7 13. f4 gxf4 14. exf4 Nxg4 15.
Nxg4 fxg4 16. Qxg4+ Kh8 17. Qh4 Nf6 18. Kh1 Qf7 19. c5 Bc7 20. Rf2 1/2-1/2

[Event "C.to Europeo U18"]
[Site "Fermo ITA"]
[Date "2009.09.07"]
[Round "7"]
[White "Pomaro, Alberto"]
[Black "Swiercz, Dariusz"]
[Result "0-1"]
[WhiteElo "2284"]
[BlackElo "2492"]
[PlyCount "38"]
[EventDate "2009.08.31"]

1. e4 c6 2. d4 d5 3. e5 c5 4. dxc5 Nc6 5. Nf3 Bg4 6. c3 e6 7. Bb5 Bxf3 8. Qxf3
Bxc5 9. Qg3 Nge7 10. O-O O-O 11. Bd3 Ng6 12. Bf4 Qb6 13. b3 Bd4 14. Re1 Bxf2+
15. Qxf2 Qxf2+ 16. Kxf2 Nxf4 17. Bc2 Rac8 18. Nd2 Nb4 19. cxb4 Rxc2 0-1

[Event "C.to Europeo U18"]
[Site "Fermo ITA"]
[Date "2009.09.07"]
[Round "7"]
[White "Prohaszka, Peter"]
[Black "Yilmazyerli, Mert"]
[Result "1/2-1/2"]
[WhiteElo "2508"]
[BlackElo "2255"]
[PlyCount "87"]
[EventDate "2009.08.31"]

1. d4 Nf6 2. c4 g6 3. Nc3 Bg7 4. e4 d6 5. Be2 O-O 6. Nf3 Na6 7. O-O e5 8. Re1
exd4 9. Nxd4 Nc5 10. Bf1 Re8 11. f3 Nh5 12. g4 Nf6 13. Bg5 h6 14. Bh4 c6 15.
Qd2 Bd7 16. Bg3 Qb6 17. Bxd6 Nfxe4 18. fxe4 Ne6 19. c5 Nxd4 20. Qf2 Qd8 21. e5
Ne6 22. Bc4 Ng5 23. Qg3 b5 24. Bd3 b4 25. Nd1 Bxg4 26. Qxg4 Bxe5 27. Nf2 Qf6
28. Ne4 Qf3 29. Qxf3 Nxf3+ 30. Kg2 Nxe1+ 31. Rxe1 Kg7 32. Bxe5+ Rxe5 33. Rc1
Rae8 34. Nd6 R8e6 35. Rc4 Rh5 36. Be4 a5 37. Bxc6 Re2+ 38. Kg3 Ree5 39. Nb7
Reg5+ 40. Kf2 Rxh2+ 41. Kf1 Rxb2 42. Be4 f5 43. Bc2 Rg4 44. Rxg4 1/2-1/2

[Event "C.to Europeo U18"]
[Site "Fermo ITA"]
[Date "2009.09.07"]
[Round "7"]
[White "Recuero Guerra, David"]
[Black "Rombaldoni, Axel"]
[Result "1-0"]
[WhiteElo "2460"]
[BlackElo "2425"]
[PlyCount "95"]
[EventDate "2009.08.31"]

1. e4 c5 2. Nf3 Nc6 3. Nc3 d6 4. d4 cxd4 5. Nxd4 e5 6. Ndb5 a6 7. Na3 Be7 8.
Nc4 b5 9. Ne3 Nf6 10. Bd3 O-O 11. O-O Rb8 12. a4 b4 13. Ncd5 Nxd5 14. exd5 Na5
15. Nf5 Bxf5 16. Bxf5 Bg5 17. Bxg5 Qxg5 18. Bd3 Nb7 19. Bxa6 Nc5 20. Bb5 f5 21.
Qe2 Rf6 22. a5 f4 23. f3 Rf7 24. Kh1 Qd8 25. Qc4 Rfb7 26. a6 Ra7 27. Qxb4 Qb6
28. c4 Nxa6 29. Qa5 Qd4 30. Rfd1 Qxb2 31. Qd2 Qb3 32. Rxa6 Rxa6 33. Bxa6 Ra8
34. Bb5 Ra2 35. Qe1 e4 36. Bd7 Qc2 37. Bh3 e3 38. Rc1 Qd2 39. Kg1 Qd4 40. Be6+
Kf8 41. h4 Rd2 42. Kh2 e2 43. Rb1 g6 44. Rb8+ Kg7 45. Rb7+ Kf6 46. h5 Ke5 47.
hxg6 hxg6 48. Qh4 1-0

[Event "C.to Europeo U18"]
[Site "Fermo ITA"]
[Date "2009.09.07"]
[Round "7"]
[White "Sabuk, Piotr"]
[Black "Ponizil, Cyril"]
[Result "1/2-1/2"]
[WhiteElo "2216"]
[BlackElo "2314"]
[PlyCount "128"]
[EventDate "2009.08.31"]

1. e4 c5 2. c3 e6 3. d4 d5 4. exd5 exd5 5. Nf3 Nc6 6. Bb5 cxd4 7. Nxd4 Bd7 8.
O-O Bd6 9. Re1+ Nge7 10. Bg5 O-O 11. Bh4 Nxd4 12. Bxd7 Qxd7 13. Qxd4 Qb5 14.
Bxe7 Bxe7 15. Qd2 Rfe8 16. Qe2 Bg5 17. Qxb5 Rxe1+ 18. Qf1 Rxf1+ 19. Kxf1 Bc1
20. a4 Bxb2 21. Ra2 Bc1 22. Rc2 Bg5 23. Rb2 b6 24. Rb5 Rd8 25. Ke2 Bf6 26. Kd3
Kf8 27. a5 bxa5 28. Rxa5 Rd7 29. Na3 Bd8 30. Rb5 Bb6 31. f3 Rd6 32. Nc2 Bg1 33.
Nb4 a6 34. Ra5 d4 35. c4 Rb6 36. Nd5 Rd6 37. h3 f6 38. Nb4 Rb6 39. Nxa6 Rb3+
40. Ke4 Re3+ 41. Kf4 Rc3 42. Nc5 d3 43. Kf5 g6+ 44. Kxf6 Bd4+ 45. Kg5 d2 46.
Ra8+ Ke7 47. Ra7+ Kd6 48. Ne4+ Kc6 49. Ra6+ Kc7 50. Nxd2 Be3+ 51. Kf6 Bxd2 52.
Ra7+ Kd6 53. Rxh7 g5 54. h4 g4 55. fxg4 Rxc4 56. g5 Rf4+ 57. Kg6 Rg4 58. Kf5
Rf4+ 59. Kg6 Rg4 60. Rh8 Rxg2 61. Kf5 Rf2+ 62. Kg6 Ke7 63. Rb8 Rf4 64. Rb7+ Ke6
1/2-1/2

[Event "C.to Europeo U18"]
[Site "Fermo ITA"]
[Date "2009.09.07"]
[Round "7"]
[White "Salgado Lopez, Ivan"]
[Black "Benidze, Davit"]
[Result "1/2-1/2"]
[WhiteElo "2558"]
[BlackElo "2437"]
[PlyCount "106"]
[EventDate "2009.08.31"]

1. e4 c5 2. Nf3 d6 3. d4 cxd4 4. Nxd4 Nf6 5. Nc3 Nc6 6. Bg5 e6 7. Qd2 a6 8.
O-O-O Bd7 9. f3 Be7 10. h4 Qc7 11. Kb1 Nxd4 12. Qxd4 Rc8 13. Qd2 b5 14. Bd3 h6
15. Be3 Bc6 16. g4 Nd7 17. g5 Ne5 18. gxh6 gxh6 19. f4 Nxd3 20. cxd3 Qb7 21.
Rhg1 Bf6 22. Rc1 Bxh4 23. Bd4 Rf8 24. Qh2 Be7 25. Qxh6 b4 26. Ne2 Kd7 27. Qh2
Bb5 28. Rgd1 f5 29. Rxc8 Kxc8 30. Bg7 Rf7 31. exf5 Rxg7 32. Rc1+ Kd7 33. Qh6
exf5 34. Nd4 Bxd3+ 35. Ka1 Rg2 36. Qe6+ Kd8 37. Qf7 Rc2 38. Nxc2 Bxc2 39. Re1
Be4 40. Rg1 Qc7 41. Rg8+ Kd7 42. Qe8+ Ke6 43. Qg6+ Kd5 44. Qf7+ Kd4 45. Qg7+
Kd3 46. Qg1 Qc5 47. Qd1+ Kc4 48. Rc8 Bc6 49. Qe2+ Kd4 50. Qd2+ Kc4 51. Qe2+ Kd4
52. Qd2+ Kc4 53. Qe2+ Kd4 1/2-1/2

[Event "C.to Europeo U18"]
[Site "Fermo ITA"]
[Date "2009.09.07"]
[Round "7"]
[White "Sivuk, Vitaly"]
[Black "Nuri, Kambez"]
[Result "1-0"]
[WhiteElo "2346"]
[BlackElo "2198"]
[PlyCount "117"]
[EventDate "2009.08.31"]

1. e4 e5 2. Nf3 Nc6 3. Bb5 a6 4. Ba4 d6 5. c3 Bd7 6. O-O Nge7 7. d4 Ng6 8. Re1
Be7 9. Nbd2 h6 10. Nf1 Bg5 11. Ne3 Bxe3 12. Bxe3 O-O 13. Nd2 Qf6 14. Nf1 Rad8
15. g3 Qe7 16. Bc2 Qe8 17. Qh5 Nce7 18. g4 f6 19. f3 Nf4 20. Qxe8 Rdxe8 21. Ng3
g6 22. Ne2 Nxe2+ 23. Rxe2 g5 24. h4 Kg7 25. d5 gxh4 26. Rh2 Ng6 27. Bf2 Rh8 28.
Bxh4 Rh7 29. Bg3 Reh8 30. Kf2 h5 31. gxh5 Rxh5 32. Rah1 Rxh2+ 33. Rxh2 Rxh2+
34. Bxh2 Kh6 35. a4 Kg5 36. a5 f5 37. c4 f4 38. b4 Kf6 39. Bd3 Ke7 40. Bg1 Kd8
41. Ke2 Bc8 42. Bf2 Bd7 43. Kd2 Bc8 44. Kc3 Bd7 45. Be2 Bc8 46. b5 Bd7 47. Kb4
Bc8 48. c5 dxc5+ 49. Kxc5 axb5 50. Bxb5 Bd7 51. Be2 Ke7 52. d6+ Kd8 53. Be1 Be6
54. Bc3 Kd7 55. Bb5+ Kd8 56. dxc7+ Kxc7 57. Be8 Nh4 58. Bxe5+ Kd8 59. Bh5 1-0

[Event "C.to Europeo U18"]
[Site "Fermo ITA"]
[Date "2009.09.07"]
[Round "7"]
[White "Stankovic, Milos"]
[Black "De Schampheleire, Glen"]
[Result "1-0"]
[WhiteElo "2306"]
[BlackElo "2156"]
[PlyCount "67"]
[EventDate "2009.08.31"]

1. e4 c5 2. Nf3 d6 3. d4 cxd4 4. Nxd4 Nf6 5. Nc3 a6 6. Bg5 e6 7. f4 Nbd7 8. Qf3
Qc7 9. O-O-O b5 10. Bd3 Bb7 11. Rhe1 Be7 12. Qg3 b4 13. Nd5 exd5 14. exd5 Kd8
15. Nc6+ Bxc6 16. dxc6 Nc5 17. Bh4 Rg8 18. Bxh7 Rh8 19. Qxg7 Rxh7 20. Qxf6 Rxh4
21. Qxf7 Rh8 22. Re5 Na4 23. Re6 Nc5 24. Re5 Na4 25. Qe6 Ra7 26. Red5 Qc8 27.
c7+ Rxc7 28. Rxd6+ Ke8 29. Qg6+ Kf8 30. Rf6+ Bxf6 31. Qxf6+ Ke8 32. Re1+ Kd7
33. Re7+ Kd8 34. Rh7+ 1-0

[Event "C.to Europeo U18"]
[Site "Fermo ITA"]
[Date "2009.09.07"]
[Round "7"]
[White "Ter-Sahakyan, Samvel"]
[Black "Paichadze, Luka"]
[Result "1-0"]
[WhiteElo "2480"]
[BlackElo "2420"]
[PlyCount "71"]
[EventDate "2009.08.31"]

1. e4 c6 2. d4 d5 3. Nd2 dxe4 4. Nxe4 Bf5 5. Ng3 Bg6 6. h4 h6 7. Nf3 Nd7 8. h5
Bh7 9. Bd3 Bxd3 10. Qxd3 e6 11. Bd2 Qc7 12. Qe2 O-O-O 13. c4 Ngf6 14. c5 e5 15.
dxe5 Ng4 16. O-O Nxc5 17. Bc3 g6 18. Nh4 gxh5 19. Nxh5 Rg8 20. f3 Nxe5 21. Bxe5
Re8 22. Rae1 Qd8 23. Qc4 Nd3 24. Bf6 Qb6+ 25. Bd4 Bc5 26. Bxc5 Nxc5 27. Kh1 Rd8
28. Nf6 Rg5 29. Qxf7 Nd3 30. Re8 Qd4 31. Qe6+ Kb8 32. Nf5 Rxf5 33. Rxd8+ Qxd8
34. Qxf5 Qd4 35. Qd7 Nf2+ 36. Rxf2 1-0

[Event "C.to Europeo U18"]
[Site "Fermo ITA"]
[Date "2009.09.07"]
[Round "7"]
[White "To, Nhat Minh"]
[Black "Mordechai, Hanan"]
[Result "1-0"]
[WhiteElo "2366"]
[BlackElo "2263"]
[PlyCount "81"]
[EventDate "2009.08.31"]

1. e4 c5 2. Nf3 d6 3. d4 cxd4 4. Nxd4 Nf6 5. Nc3 g6 6. Be3 Bg7 7. f3 O-O 8. Qd2
Nc6 9. O-O-O d5 10. exd5 Nxd5 11. Nxc6 bxc6 12. Bd4 e5 13. Bc5 Be6 14. Ne4 Qc7
15. Bxf8 Rxf8 16. Bc4 Qb6 17. h4 Rb8 18. b3 h6 19. g4 Nf4 20. Bxe6 Nxe6 21. h5
g5 22. Kb1 Nd4 23. Qd3 Qa5 24. Nd6 Qa3 25. Nc4 Qc5 26. a4 Qb4 27. Ka2 Ne6 28.
Qd6 Nc5 29. Qe7 Qc3 30. Rd8+ Rxd8 31. Qxd8+ Bf8 32. Rh2 Qxf3 33. Nxe5 Qf4 34.
Qe8 Kg7 35. Re2 Ne6 36. Ng6 Qb4 37. Nxf8 Nxf8 38. Qe5+ Kg8 39. Qe4 Qd6 40. Qe7
Qd1 41. Rf2 1-0

[Event "C.to Europeo U18"]
[Site "Fermo ITA"]
[Date "2009.09.07"]
[Round "7"]
[White "Van Cappellen, Jonas"]
[Black "Della Mora, David"]
[Result "1-0"]
[WhiteElo "2002"]
[BlackElo "1665"]
[PlyCount "49"]
[EventDate "2009.08.31"]

1. e4 d6 2. d4 Nf6 3. Nc3 g6 4. Nf3 Bg7 5. Bc4 O-O 6. Bb3 c5 7. h3 cxd4 8. Nxd4
Nbd7 9. O-O Nc5 10. Re1 Nxb3 11. axb3 a6 12. Bg5 Bd7 13. Qd2 Re8 14. Re2 Qc7
15. Bxf6 exf6 16. Nd5 Qd8 17. Rd1 Be6 18. Nc3 Bf8 19. f4 Qb6 20. f5 gxf5 21.
exf5 Bxf5 22. Rxe8 Rxe8 23. Nd5 Qd8 24. Nxf5 Re5 25. Nh6+ 1-0

[Event "C.to Europeo U18"]
[Site "Fermo ITA"]
[Date "2009.09.07"]
[Round "7"]
[White "Yilmaz, Mustafa"]
[Black "Martin Fuentes, Alberto"]
[Result "1-0"]
[WhiteElo "2432"]
[BlackElo "2244"]
[PlyCount "93"]
[EventDate "2009.08.31"]

1. e4 e6 2. d4 d5 3. e5 c5 4. c3 Qb6 5. Nf3 Nc6 6. a3 Nh6 7. b4 cxd4 8. cxd4
Nf5 9. Bb2 Be7 10. Bd3 Bd7 11. Bxf5 exf5 12. Nc3 Be6 13. O-O O-O 14. Rc1 Rac8
15. Qd3 Qd8 16. Na4 g5 17. Nd2 f4 18. Nc5 b6 19. Nxe6 fxe6 20. Rc3 Qd7 21. Rfc1
Nb8 22. Qc2 Rxc3 23. Qxc3 Kg7 24. Qc7 Rd8 25. b5 Qxc7 26. Rxc7 Rd7 27. Rc8 Rb7
28. Nb1 a6 29. Nc3 Kf7 30. Kf1 axb5 31. Nxb5 Nd7 32. Ke2 Rb8 33. Rc7 Ke8 34.
Kf3 Kd8 35. Rc6 Nf8 36. Kg4 Rc8 37. Rxc8+ Kxc8 38. Bc3 Ng6 39. g3 Kd7 40. Bb4
fxg3 41. hxg3 Bxb4 42. axb4 Ne7 43. Na3 Nf5 44. Nc2 h6 45. Kh5 Ke7 46. g4 Nh4
47. Ne1 1-0

[Event "C.to Europeo U18"]
[Site "Fermo ITA"]
[Date "2009.09.08"]
[Round "8"]
[White "Anton, Teodor"]
[Black "Alonso Rosell, Alvar"]
[Result "0-1"]
[WhiteElo "2379"]
[BlackElo "2461"]
[PlyCount "68"]
[EventDate "2009.08.31"]

1. d4 d5 2. Nf3 Nf6 3. c4 c6 4. Qc2 dxc4 5. Qxc4 Bf5 6. g3 e6 7. Bg2 Nbd7 8.
O-O Be7 9. Nc3 O-O 10. Bf4 Bg6 11. Qb3 Qb6 12. Qxb6 axb6 13. Ne5 Nxe5 14. Bxe5
b5 15. a3 Nd7 16. Bf4 Nb6 17. e4 Nc4 18. Rab1 Rfd8 19. Rfd1 Bf6 20. Ne2 Rd7 21.
Bc1 h6 22. Ra1 Rad8 23. Be3 Bh5 24. Kf1 Nxb2 25. Rdb1 Bxe2+ 26. Kxe2 Na4 27. e5
Be7 28. Rb3 Ra8 29. Be4 Nb6 30. f4 Nc4 31. Bd3 Nxe3 32. Kxe3 Ra4 33. Bc2 Raxd4
34. h4 Bc5 0-1

[Event "C.to Europeo U18"]
[Site "Fermo ITA"]
[Date "2009.09.08"]
[Round "8"]
[White "Baloire, Endy"]
[Black "Homatidis, Panagiotis"]
[Result "0-1"]
[WhiteElo "1895"]
[BlackElo "2123"]
[PlyCount "62"]
[EventDate "2009.08.31"]

1. d4 Nf6 2. Nf3 b6 3. Bf4 Bb7 4. e3 e6 5. Nbd2 Be7 6. Bd3 O-O 7. c3 d5 8. Ne5
Nbd7 9. Qf3 Nxe5 10. dxe5 Nd7 11. Qh3 g6 12. Nf3 Nc5 13. Bc2 Ne4 14. Qh6 f6 15.
Rd1 Qe8 16. exf6 Bxf6 17. Bxe4 dxe4 18. Ng5 Bxg5 19. Qxg5 Rf5 20. Qg4 Ba6 21.
f3 h5 22. Qh3 Qb5 23. Rd2 e5 24. g4 Rf6 25. g5 Rd6 26. fxe4 exf4 27. exf4 Re8
28. Qe3 Rxd2 29. Kxd2 Qxb2+ 30. Ke1 Qb1+ 31. Kf2 Qxh1 0-1

[Event "C.to Europeo U18"]
[Site "Fermo ITA"]
[Date "2009.09.08"]
[Round "8"]
[White "Balokas, Dimitrios"]
[Black "Pomaro, Alberto"]
[Result "1/2-1/2"]
[WhiteElo "1922"]
[BlackElo "2284"]
[PlyCount "117"]
[EventDate "2009.08.31"]

1. d4 Nf6 2. c4 g6 3. Nc3 Bg7 4. e4 d6 5. Nf3 O-O 6. Be2 e5 7. Be3 Ng4 8. Bg5
f6 9. Bh4 Nc6 10. d5 Ne7 11. Nd2 Nh6 12. f3 c5 13. dxc6 bxc6 14. b4 Be6 15. Bf2
d5 16. cxd5 cxd5 17. exd5 Nxd5 18. Nxd5 Bxd5 19. O-O Nf5 20. Bc5 Rf7 21. Bc4
Nd4 22. Bxd5 Qxd5 23. Nb3 Rd8 24. Nxd4 exd4 25. Qb3 f5 26. Rfe1 Bf6 27. Re8+
Kg7 28. Rxd8 Qxd8 29. Rd1 Rd7 30. Qd3 Bg5 31. g3 Be3+ 32. Kg2 Qf6 33. Qxe3 dxe3
34. Rxd7+ Kg8 35. Bxe3 a6 36. Bd4 Qe6 37. Rg7+ Kf8 38. Rxh7 Qxa2+ 39. Bf2 g5
40. Rh5 Qd2 41. h4 Qxb4 42. Rxg5 Kf7 43. Rxf5+ Ke6 44. Rf4 Qb5 45. g4 a5 46.
Rf5 Qb4 47. h5 a4 48. h6 a3 49. h7 Qb2 50. Ra5 Qg7 51. Ra7 Qh8 52. f4 a2 53.
f5+ Kd5 54. Rxa2 Qxh7 55. Ra5+ Ke4 56. Ra4+ Kd5 57. Ra5+ Ke4 58. Ra4+ Kd5 59.
Ra5+ 1/2-1/2

[Event "C.to Europeo U18"]
[Site "Fermo ITA"]
[Date "2009.09.08"]
[Round "8"]
[White "Bebel, Arkadiusz"]
[Black "Holvason, Juri"]
[Result "0-1"]
[WhiteElo "2276"]
[BlackElo "2118"]
[PlyCount "72"]
[EventDate "2009.08.31"]

1. e4 c5 2. c3 Nf6 3. e5 Nd5 4. Nf3 Nc6 5. Bc4 Nb6 6. Bb3 c4 7. Bc2 Qc7 8. Qe2
g5 9. e6 dxe6 10. Nxg5 Qe5 11. d4 cxd3 12. Bxd3 Qxe2+ 13. Bxe2 h6 14. Ne4 f5
15. Nc5 e5 16. Nd2 e6 17. Ndb3 Nd5 18. O-O Bd6 19. Rd1 Ke7 20. f3 a5 21. Na4
Rb8 22. c4 Ndb4 23. Rd2 b6 24. c5 bxc5 25. Nbxc5 Nd4 26. b3 Nbc2 27. Rb1 Rg8
28. Kf2 e4 29. fxe4 fxe4 30. Nxe4 Bb7 31. Bf3 Rbf8 32. Nac3 Nxf3 33. gxf3 Bc5+
34. Ke2 Bb6 35. Rd3 Nd4+ 36. Kd2 Rg2+ 0-1

[Event "C.to Europeo U18"]
[Site "Fermo ITA"]
[Date "2009.09.08"]
[Round "8"]
[White "Benidze, Davit"]
[Black "Sivuk, Vitaly"]
[Result "1-0"]
[WhiteElo "2437"]
[BlackElo "2346"]
[PlyCount "79"]
[EventDate "2009.08.31"]

1. d4 f5 2. Nc3 d5 3. Bg5 g6 4. e3 Nh6 5. Be2 Nf7 6. Bh4 c6 7. f4 Nd7 8. Nf3
Bg7 9. h3 Nf6 10. Ne5 Nd6 11. Bd3 Be6 12. Qe2 Qa5 13. O-O-O c5 14. Bb5+ Kf8 15.
dxc5 Nde4 16. Bxf6 exf6 17. Nf3 Nxc3 18. bxc3 Qxc3 19. Nd4 Qa3+ 20. Kb1 Bf7 21.
c6 bxc6 22. Bxc6 Rb8+ 23. Nb3 Qd6 24. Bb5 Ke7 25. Rd4 Rhc8 26. Rhd1 Qb6 27. Bd3
Kf8 28. Rc1 Kg8 29. c4 Bf8 30. cxd5 Bc5 31. Ra4 Bxe3 32. Rxc8+ Rxc8 33. Ra6
Rc1+ 34. Kb2 Qb4 35. Qxe3 Qc3+ 36. Ka3 Rd1 37. Rc6 Qxd3 38. Qe7 g5 39. Qd8+ Kg7
40. Qxf6+ 1-0

[Event "C.to Europeo U18"]
[Site "Fermo ITA"]
[Date "2009.09.08"]
[Round "8"]
[White "Botta, Gabriele"]
[Black "Kleijn, Christov"]
[Result "0-1"]
[WhiteElo "2228"]
[BlackElo "2377"]
[PlyCount "92"]
[EventDate "2009.08.31"]

1. e4 c5 2. Nf3 e6 3. d4 cxd4 4. Nxd4 Nc6 5. Nb3 Nf6 6. Bd3 Be7 7. O-O O-O 8.
c4 d6 9. Nc3 b6 10. Be3 Bb7 11. f3 Rc8 12. Qe2 Ne5 13. Nd2 d5 14. exd5 exd5 15.
cxd5 Nxd3 16. Qxd3 Nxd5 17. Nxd5 Qxd5 18. Qxd5 Bxd5 19. Bd4 Rfe8 20. Nb3 Bb4
21. Rfc1 Bc4 22. a3 Bd6 23. Nd2 Bd3 24. Rxc8 Rxc8 25. Bc3 Bc5+ 26. Kh1 Re8 27.
Nb3 Bf2 28. Nd4 Rd8 29. Nc6 Rd7 30. Rd1 Bf5 31. Rxd7 Bxd7 32. Ne5 Bb5 33. g3 f6
34. Ng4 Bc5 35. Kg2 Kf7 36. Nf2 Ke6 37. Ne4 Be3 38. Nd2 Kd5 39. b3 Bd3 40. f4
Bd4 41. Bb4 Bc5 42. Bxc5 bxc5 43. Kf2 Kd4 44. Ke1 Bc2 45. g4 Ke3 46. g5 f5 0-1

[Event "C.to Europeo U18"]
[Site "Fermo ITA"]
[Date "2009.09.08"]
[Round "8"]
[White "Bulanov, Dmitri"]
[Black "Martinovic, Sasa"]
[Result "0-1"]
[WhiteElo "2393"]
[BlackElo "2525"]
[PlyCount "74"]
[EventDate "2009.08.31"]

1. e4 e6 2. d3 d5 3. Nd2 Nf6 4. g3 dxe4 5. dxe4 e5 6. Ngf3 Nc6 7. Bg2 Bc5 8.
O-O O-O 9. Qe2 b6 10. Nc4 Ba6 11. c3 Qe7 12. Bg5 Na5 13. Nfd2 Nxc4 14. Nxc4 Qe6
15. b3 Ne8 16. Rfe1 Nd6 17. Bf1 h6 18. Bd2 Qf6 19. Be3 Bxc4 20. bxc4 Bxe3 21.
Qxe3 Nb7 22. Rad1 Rfd8 23. f4 Nc5 24. Rd5 exf4 25. gxf4 c6 26. Rf5 Qg6+ 27. Kh1
Re8 28. Bg2 Rad8 29. Qg3 Qxg3 30. hxg3 Rd3 31. e5 Re6 32. Rh5 Rxg3 33. f5 Re7
34. e6 fxe6 35. Bxc6 Rxc3 36. fxe6 Rxc4 37. Rf5 Nd3 0-1

[Event "C.to Europeo U18"]
[Site "Fermo ITA"]
[Date "2009.09.08"]
[Round "8"]
[White "Chirila, Ioan-Cristian"]
[Black "Salgado Lopez, Ivan"]
[Result "1/2-1/2"]
[WhiteElo "2526"]
[BlackElo "2558"]
[PlyCount "90"]
[EventDate "2009.08.31"]

1. e4 e5 2. Nf3 d6 3. d4 exd4 4. Nxd4 Nf6 5. Nc3 Be7 6. Be2 O-O 7. O-O Re8 8.
f4 Bf8 9. Bf3 c5 10. Nb3 Nc6 11. Be3 Bf5 12. Nd2 d5 13. exf5 Rxe3 14. g4 d4 15.
Nce4 Nxe4 16. Bxe4 Qc7 17. Bxc6 Qxc6 18. Nc4 Ree8 19. a4 b6 20. Qf3 Qxf3 21.
Rxf3 Re2 22. Rf2 Rae8 23. Kf1 Rxf2+ 24. Kxf2 Be7 25. Kf3 Bd8 26. b4 cxb4 27.
Rd1 Bf6 28. g5 Rc8 29. Nxb6 axb6 30. gxf6 gxf6 31. Rxd4 Rxc2 32. Rxb4 Rxh2 33.
Rxb6 Ra2 34. Ra6 Kg7 35. Ra8 h5 36. a5 Ra3+ 37. Kg2 Ra4 38. Kf3 h4 39. a6 h3
40. Kg3 Ra3+ 41. Kh2 Kh7 42. a7 Kg7 43. Rb8 Rxa7 44. Kxh3 Ra1 45. Kg4 Rg1+
1/2-1/2

[Event "C.to Europeo U18"]
[Site "Fermo ITA"]
[Date "2009.09.08"]
[Round "8"]
[White "De Schampheleire, Glen"]
[Black "MacGregor, Ian Ross"]
[Result "1-0"]
[WhiteElo "2156"]
[BlackElo "1854"]
[PlyCount "69"]
[EventDate "2009.08.31"]

1. d4 e6 2. c4 Nf6 3. g3 d5 4. Bg2 c6 5. Nd2 Bd6 6. Ngf3 Nbd7 7. O-O O-O 8. Qc2
Qc7 9. b3 b6 10. e4 dxe4 11. Nxe4 Nxe4 12. Qxe4 Bb7 13. Bb2 Be7 14. Qe3 Bf6 15.
Rab1 Rad8 16. Rfd1 Rfe8 17. Nd2 g6 18. Ne4 Bg7 19. Ba3 c5 20. dxc5 Bxe4 21.
cxb6 axb6 22. Bxe4 Nc5 23. Bf3 Re7 24. Rxd8+ Qxd8 25. Rd1 Rd7 26. Rxd7 Nxd7 27.
Qd2 Bf6 28. Bc6 Ne5 29. Qxd8+ Bxd8 30. Bg2 f5 31. Kf1 f4 32. Ke2 g5 33. gxf4
gxf4 34. Bd6 Ng6 35. Be4 1-0

[Event "C.to Europeo U18"]
[Site "Fermo ITA"]
[Date "2009.09.08"]
[Round "8"]
[White "Dvornicen, Ivan"]
[Black "Palmitessa, Andrea"]
[Result "1/2-1/2"]
[WhiteElo "1859"]
[BlackElo "1796"]
[PlyCount "106"]
[EventDate "2009.08.31"]

1. c4 e6 2. d4 d5 3. Nf3 Nf6 4. Bf4 Bd6 5. Bxd6 Qxd6 6. Nbd2 Nbd7 7. e3 O-O 8.
Be2 e5 9. dxe5 Nxe5 10. O-O Bg4 11. Nxe5 Bxe2 12. Nxf7 Rxf7 13. Qxe2 d4 14.
exd4 Qxd4 15. Nb3 Qb6 16. c5 Qc6 17. Qc4 b6 18. Rac1 Qd5 19. Rfd1 Qxc4 20. Rxc4
Re8 21. cxb6 cxb6 22. Rc2 Rfe7 23. Kf1 Kf7 24. f3 Nh5 25. Rcd2 Rc8 26. Nc1 Rec7
27. Ne2 Nf6 28. Kf2 Rc2 29. Nc3 Rxd2+ 30. Rxd2 Rc7 31. Nb5 Re7 32. Nd6+ Kg6 33.
Nb5 a6 34. Nc3 Re6 35. Ne2 Rc6 36. Nf4+ Kg5 37. g3 b5 38. Ke3 Ne8 39. h4+ Kf6
40. Kf2 Nd6 41. Nd5+ Kf7 42. Ne3 Nc4 43. Nxc4 bxc4 44. g4 c3 45. bxc3 Rxc3 46.
Kg3 Ra3 47. g5 Kg6 48. Kg4 h5+ 49. gxh6 Kxh6 50. h5 Ra5 51. f4 Ra4 52. Rd8 Kh7
53. Rd2 Kh6 1/2-1/2

[Event "C.to Europeo U18"]
[Site "Fermo ITA"]
[Date "2009.09.08"]
[Round "8"]
[White "Garnelis, Julius"]
[Black "Goumas, Georgios"]
[Result "1/2-1/2"]
[WhiteElo "2228"]
[BlackElo "2315"]
[PlyCount "50"]
[EventDate "2009.08.31"]

1. e4 c5 2. Nf3 d6 3. d4 Nf6 4. Nc3 cxd4 5. Nxd4 Nc6 6. Bg5 Qb6 7. Nb3 e6 8.
Qd2 Be7 9. f3 O-O 10. O-O-O a6 11. g4 Qc7 12. Kb1 b5 13. Bxf6 gxf6 14. Ne2 Ne5
15. Ng3 Kh8 16. Nh5 Rg8 17. Nd4 Bb7 18. Be2 Rac8 19. Rhe1 d5 20. f4 Nxg4 21.
Bxg4 Rxg4 22. Rg1 Rcg8 23. Rxg4 Rxg4 24. Qe2 Rg8 25. e5 f5 1/2-1/2

[Event "C.to Europeo U18"]
[Site "Fermo ITA"]
[Date "2009.09.08"]
[Round "8"]
[White "Gonzalez Laso, Adrian"]
[Black "Palazzotto, Giuseppe"]
[Result "0-1"]
[WhiteElo "2059"]
[BlackElo "1920"]
[PlyCount "90"]
[EventDate "2009.08.31"]

1. e4 c5 2. Nf3 d6 3. d3 Nc6 4. g3 g6 5. Bg2 Bg7 6. c3 Nf6 7. O-O O-O 8. Nh4 e5
9. f4 exf4 10. Bxf4 Ng4 11. Qd2 Qb6 12. Nf3 c4+ 13. d4 Nce5 14. Na3 Be6 15. Kh1
Nd3 16. h3 Nf6 17. Ng5 d5 18. e5 Nh5 19. Kh2 Nhxf4 20. gxf4 Qxb2 21. Qxb2 Nxb2
22. Rab1 Na4 23. Rfc1 a6 24. Rxb7 Rfb8 25. Rb4 Rxb4 26. cxb4 Rb8 27. Nc2 Nc3
28. a3 h6 29. Nxe6 fxe6 30. Bf3 Nb5 31. h4 Rf8 32. Kg3 h5 33. Bg2 Nc3 34. Re1
Bh6 35. Bh3 Bxf4+ 36. Kg2 Kf7 37. Kh1 Ne4 38. Kg2 Ke7 39. Rf1 Rf7 40. a4 Nc3
41. Ra1 Rf8 42. Na3 Be3 43. b5 Rf2+ 44. Kh1 Bxd4 45. bxa6 Ne2 0-1

[Event "C.to Europeo U18"]
[Site "Fermo ITA"]
[Date "2009.09.08"]
[Round "8"]
[White "Graf, Felix"]
[Black "Sabuk, Piotr"]
[Result "1-0"]
[WhiteElo "2291"]
[BlackElo "2216"]
[PlyCount "95"]
[EventDate "2009.08.31"]

1. d4 Nf6 2. c4 g6 3. Nc3 Bg7 4. e4 d6 5. f3 O-O 6. Be3 c5 7. Nge2 Nc6 8. Qd2
cxd4 9. Nxd4 Nxd4 10. Bxd4 Be6 11. Nd5 Bxd5 12. cxd5 Nd7 13. Be3 Rc8 14. Bd3
Nc5 15. O-O a5 16. Bb5 Qb6 17. a4 Nb3 18. Bxb6 Nxd2 19. Rf2 Nb3 20. Rd1 g5 21.
g3 Kh8 22. Kg2 Bf6 23. Rd3 Nc5 24. Rd1 Nb3 25. Rd3 Nc5 26. Ra3 Ra8 27. Rc2 Rfc8
28. Bxc5 Rxc5 29. Rxc5 dxc5 30. Rb3 Be5 31. Bc4 Rb8 32. Kh3 h5 33. f4 gxf4 34.
gxf4 Bxf4 35. Rf3 Bd6 36. Rxf7 Kg8 37. Rf5 Rf8 38. Rg5+ Kh8 39. e5 Bb8 40. d6
exd6 41. e6 Re8 42. e7 d5 43. Rxd5 Rxe7 44. Rd8+ Kg7 45. Rxb8 Kf6 46. Rd8 Re3+
47. Kg2 Re4 48. b3 1-0

[Event "C.to Europeo U18"]
[Site "Fermo ITA"]
[Date "2009.09.08"]
[Round "8"]
[White "Hohluks, Aleksandrs"]
[Black "Gevorgyan, David"]
[Result "0-1"]
[WhiteElo "2085"]
[BlackElo "2274"]
[PlyCount "128"]
[EventDate "2009.08.31"]

1. d4 e6 2. c3 f5 3. g3 Nf6 4. Bg2 c6 5. Nh3 d6 6. Nf4 Be7 7. Qb3 Qb6 8. Nd2
Qxb3 9. axb3 Bd8 10. h4 e5 11. dxe5 dxe5 12. Nd3 e4 13. Nf4 b5 14. b4 Bb6 15.
Nf1 Kf7 16. Be3 Nbd7 17. Bxb6 Nxb6 18. Ne3 Rd8 19. b3 g6 20. O-O Be6 21. Ra3
Nfd5 22. Nexd5 Nxd5 23. Nxd5 cxd5 24. Rfa1 d4 25. Rxa7+ Rxa7 26. Rxa7+ Kf6 27.
cxd4 Rxd4 28. e3 Rxb4 29. Bf1 Rxb3 30. Ra6 Rb1 31. Kg2 Ke7 32. Rb6 b4 33. Rb7+
Kd6 34. Rb6+ Ke7 35. Rb7+ Kf6 36. Rb6 Kf7 37. Rb7+ Kf8 38. Rb8+ Kg7 39. Rb7+
Kh6 40. Rb6 Bd5 41. Bb5 Ra1 42. Bd7 b3 43. Bc8 Rc1 44. Bd7 Kg7 45. Ba4 Rc3 46.
h5 gxh5 47. Bd7 Rc2 48. Bxf5 b2 49. Rb5 Ba2 50. Bxe4 b1=Q 51. Rxb1 Bxb1 52.
Bxc2 Bxc2 53. Kf3 Kf6 54. Kf4 Bd1 55. e4 h6 56. f3 Bc2 57. Ke3 Kg5 58. Kf2 Bd1
59. f4+ Kg4 60. f5 h4 61. gxh4 Kf4 62. f6 Bb3 63. Kg2 Kxe4 64. Kg3 h5 0-1